| Tag |
First Indicator |
Second Indicator |
Subfields |
| LEADER |
00000cam a2200000 a 4500 |
| 001 |
in00000956021 |
| 005 |
20150927080212.0 |
| 007 |
hd afb017baca |
| 007 |
hd bfb017baaa |
| 008 |
890316r19851689miu a 00000 eng d |
| 035 |
|
|
|a (OCoLC)19370433
|
| 035 |
|
|
|9 AEV6475AM
|
| 037 |
|
|
|a CL0037000061
|b University Microfilms International
|
| 037 |
|
|
|b University Microfilms International, 300 N. Zeeb Rd., Ann Arbor, MI 48106
|
| 040 |
|
|
|a EAH
|c EAH
|d UtOrBLW
|
| 043 |
|
|
|a e-uk---
|a e-ie---
|
| 045 |
2 |
|
|b d1689
|b d1702
|
| 049 |
|
|
|a TXAI
|
| 090 |
|
|
|a DA430
|b .E92 1689
|
| 099 |
|
|
|a film
|a B
|a 3609
|
| 245 |
0 |
3 |
|a An Exact relation of the glorious victory obtain'd upon the French and Irish army before London-Derry, on Sunday, June the 2d, 1689 :
|b with an account of Major-General Kirk's arrival at London-Derry, and the number of ships under his command.
|
| 264 |
|
3 |
|a London :
|b Printed for Richard Baldwin ...,
|c MDCLXXXIX [1689]
|
| 300 |
|
|
|a 2 pages
|
| 336 |
|
|
|a text
|b txt
|2 rdacontent
|
| 337 |
|
|
|a microform
|b h
|2 rdamedia
|
| 338 |
|
|
|a microfilm reel
|b hd
|2 rdacarrier
|
| 500 |
|
|
|a "Lisenced [sic] and entred according to order."
|
| 500 |
|
|
|a Imprint from colophon.
|
| 500 |
|
|
|a In double columns.
|
| 500 |
|
|
|a Imperfect: print show-through.
|
| 500 |
|
|
|a Reproduction of original in the Bodleian Library.
|
| 510 |
4 |
|
|a Wing
|c E3689
|
| 533 |
|
|
|a Microfilm.
|b Ann Arbor, Mich. :
|c University Microfilms International,
|d 1985.
|e 1 microfilm reel ; 35 mm.
|f (Early English books, 1641-1700 ; 1668:43)
|
| 500 |
|
|
|a Microform.
|
| 600 |
1 |
0 |
|a Kirke, Percy,
|d 1646?-1691.
|
| 651 |
|
0 |
|a Great Britain
|x History
|y William and Mary, 1689-1702.
|
| 651 |
|
0 |
|a Ireland
|x History
|y 1660-1690.
|
| 830 |
|
0 |
|a Early English books, 1641-1700 ;
|v 1668:43.
|
| 999 |
|
|
|a MARS
|
| 999 |
f |
f |
|s b4f6fb85-28ea-372f-b1df-bffab5b77fb6
|i 2bdfbfec-3db8-3d24-93e5-dd1e131525ec
|t 0
|
| 952 |
f |
f |
|p default
|a Texas A&M University
|b College Station
|c Sterling C. Evans Library
|d Evans: Microforms (3rd floor)
|t 0
|e film B 3609 1668:43
|h Other scheme
|i microform -- microfilm reel
|
| 998 |
f |
f |
|a film B 3609 1668:43
|t 0
|l Evans: Microforms (3rd floor)
|